000 00642nam a2200229Ia 4500
003 OSt
005 20220925221159.0
006 a|||||r|||| 00| 0
007 ta
008 220923b |||||||| |||| 00| 0 eng d
037 _cGeneral Book
040 _aRTL
_cRTL
_beng
041 _2eng
_aeng
082 _aX:72, M7
100 _aBird Graham
_976154
245 0 _aInternational macroeconomics
_b Theory, policy and
260 _aLondon
_bMacmillan UK
_c1987
300 _ax, 184p. Bib p 176-81
_ccm.
650 _aMacroeconomics
_9186166
942 _hX:72, M7
_cGB
_2CC
999 _c573509
_d573509